| 000 | 00519nam a2200181Ia 4500 | ||
|---|---|---|---|
| 003 | GCL | ||
| 008 | 140319s9999 xx 000 0 ara d | ||
| 040 |
_aGCL / _cGCL |
||
| 082 | 0 | 4 |
_aط _b813.087 _bو م |
| 100 | 1 | _aديزنى، والت | |
| 245 | 1 | 0 |
_aبطوط والكوكب الذرى / _cديزنى، والت |
| 260 |
_a[S.N] : _bدار المعارف ، _c1993 |
||
| 490 |
_aميكى وبطوط _v0 |
||
| 650 | 0 | 4 | _aالاطفال |
| 650 | 0 | 4 | _aالقصص |
| 650 | 0 | 4 | _aقصص الاطفال |
| 942 |
_2ddc _cBK |
||
| 999 |
_c58001 _d58001 |
||